|
|
|
|
| LEADER |
00000cam a2200000 7i4500 |
| 001 |
0000000448 |
| 005 |
20020424.0 |
| 020 |
0 |
0 |
|a 9678910551
|
| 090 |
0 |
0 |
|a R343.595056
|b MAL 2000
|
| 110 |
1 |
0 |
|a MALAYSIA
|
| 245 |
1 |
0 |
|a Malaysian customs tariff (harmonized system) on import/export duty, ASEAN exemption, common effective preferential tariff (CEPT), sales tax, import/export licence (IL/EL) & orders :
|b (incorporating all amendments as at 31st December 1996)
|c compiled by Legal Research Board
|
| 260 |
0 |
0 |
|a Kuala Lumpur :
|b International Law Book Services ,
|c 2000
|
| 300 |
|
|
|a xxxiii, 792 p. ;
|c 22x30 cm.
|
| 650 |
0 |
0 |
|a Export trade regulation
|z Malaysia
|
| 650 |
0 |
0 |
|a Tariff
|x Law and legislation
|z Malaysia
|
| 650 |
0 |
0 |
|a Tariff
|z Malaysia
|x Terminology and classification
|
| 998 |
|
|
|a JPSM
|
| 999 |
|
|
|a 0000001549
|b Monograph
|c Reference
|e Default branch
|